| 000 | 00464nam a2200145Ia 4500 | ||
|---|---|---|---|
| 008 | 231129s2005||||xx |||||||||||||| ||spa|| | ||
| 020 | _a968-18-6235-X | ||
| 040 | _bspa | ||
| 082 | _a378.242 G216t | ||
| 100 | _aGarcía Córdoba Fernando | ||
| 245 | 0 | _aLa tesis y el trabajo de tesis: recomendaciones metodológicas para la elaboración de los trabajos de tesis | |
| 260 | _c2005 | ||
| 264 | _aLimusa | ||
| 942 |
_2ddc _cBKS |
||
| 999 |
_c18306 _d18306 |
||